| 000 | 00982cam a22003137a 4500 | ||
|---|---|---|---|
| 003 | CHAP | ||
| 005 | 20220817043857.0 | ||
| 008 | 030217d2001 it r 00110 eng d | ||
| 010 | _a86827 | ||
| 011 | _a87799 | ||
| 020 | _a9251047251 | ||
| 035 | _a98343 | ||
| 040 | _cCHAP | ||
| 090 | _aFolleto 16570 | ||
| 110 | 2 | _aFAO | |
| 245 | 1 | 0 |
_aGuidelines on organization and operation of training schemes and certification procedures for operators of pesticide application equipment _c/by FAO |
| 260 |
_aRome : _bFAO, _c2001 |
||
| 300 | _a14 p. | ||
| 590 |
_aBATCH-UPD _b10 _c20130110 _lUCH01 _h1939 |
||
| 590 |
_aBATCH-UPD _b10 _c20130410 _lUCH01 _h1302 |
||
| 590 |
_aBATCH-UPD _b10 _c20130914 _lUCH01 _h1910 |
||
| 590 |
_aCONVERSION _b10 _c20130109 _lUCH01 _h1348 |
||
| 650 | 1 | 4 |
_aPesticidas _xAplicación. _987539 |
| 650 | 1 | 4 |
_aPesticidas _xManejo. _987562 |
| 901 | _aBK | ||
| 905 | _aMarco A. Mendoza T. | ||
| 942 | _cFOLL | ||
| 949 |
_aFolleto 16570 _bBC _cFOLL _d983431 _eTS1 _i98343 _sb |
||
| 999 |
_c86827 _d86827 |
||